| 000 | 00955cab a2200253 4500 | ||
|---|---|---|---|
| 001 | WB2817-60 | ||
| 008 | 090401t1992 xxu||||| |||| 00| 0 eng d | ||
| 035 | _a(Sirsi) u50936 | ||
| 041 | _aeng | ||
| 245 | _aPlanning problems | ||
| 260 | _c1992 | ||
| 350 | _a0 | ||
| 490 |
_aEstates Gazette _v(9216) 25 April 1992, 113(1) |
||
| 520 | _aSeveral cases recently have examined the reasonableness of conditions required for planning permission, including the question of whether a requirement imposed by a council could then be asserted as unreasonable to invalidate an existing permission. | ||
| 650 | _aBRITISH AIRPORTS AUTHORITY V SOS FOR SCOTLAND | ||
| 650 | _aGRAMPIAN RC V CITY OF ABERDEEN DC | ||
| 650 | _aMOUCHELL SUPERANNUATION FUND TRUSTEES V OXFORDSHIRE CC | ||
| 650 | _aPLANNING CONDITIONS | ||
| 650 | _aPLANNING PERMISSION | ||
| 650 | _aREASONABLENESS | ||
| 690 | _aPLANNING LAW AND PRACTICE | ||
| 942 | _n0 | ||
| 948 | _c04/03/1997 | ||
| 999 |
_c31790 _d31790 |
||